000 00731nam a22002537a 4500
003 UA-OsUOA
001 25995
007 ta
008 20040507b un ||||| |||| 00| 0 ukr d
100 _aДіяк І.В.
090 _a811.161.2(091)
_bД50
942 _cBK
040 _aUA-OsUOA
_bukr
_cUA-OsUOA
_dUA-OsUOA
245 _aУкраїнське відродження чи нова русифікація?
_bНавч. посібник для студентів вищих закладів освіти
300 _a304 с.
955 _a0
041 _aukr
080 _a811.161.2(091)
020 _a966-95742-2-6
260 _aКиїв
_bГранослов
_c2000
044 _aUA
650 7 _2UDC
999 _c312303
_d312303